| 000 | nam a22 a 4500 | ||
|---|---|---|---|
| 999 |
_c3280 _d3280 |
||
| 003 | AKMAL | ||
| 005 | 20170522104413.0 | ||
| 008 | 170521s2007 my o000 0 eng d | ||
| 020 | _a983310925X | ||
| 082 | 0 | 4 |
_a658.30109595 DEV _222 |
| 090 |
_a658.30109595 _bDEV |
||
| 245 | 0 | 0 |
_aDevelopment with a human touch : _bmaximising human capital potential / _ceditors: Ismail Adam, Malek Shah Mohd Yusoff ; jointly organised by National Institute of Public Administration Public Service Department and Administrative and Diplomatic Service Association |
| 260 |
_aKuala Lumpur : _bInstitut Tadbiran Awam Negara, _c2007 |
||
| 300 |
_a197p. ; _c24cm. |
||
| 650 | 1 | 0 |
_aManpower policy _96690 |
| 650 | 2 | 0 |
_aHuman capital _96467 |
| 650 | 2 | 0 |
_aCivil service _xLabor productivity _96691 |
| 700 | 0 |
_aIsmail Adam _96692 |
|
| 700 | 0 |
_aMalek Shah Hj. Mohd Yusoff _91463 |
|
| 710 | 2 |
_aInstitut Tadbiran Awam Negara _9410 |
|
| 710 | 2 |
_aPersatuan Perkhidmatan Tadbir dan Diplomatik _94110 |
|
| 942 |
_2ddc _cBOOK |
||